Vista normal
Vista MARC
Entrada Personal Name
Número de registros utilizados en: 1
001 - CONTROL NUMBER
- control field: 16492
003 - CONTROL NUMBER IDENTIFIER
- control field: DLC
005 - DATE AND TIME OF LATEST TRANSACTION
- control field: 20241121093635.0
008 - FIXED-LENGTH DATA ELEMENTS
- fixed length control field: 800417n| azannaabn |a aaa
010 ## - LIBRARY OF CONGRESS CONTROL NUMBER
- LC control number: n 50015777
035 ## - SYSTEM CONTROL NUMBER
- System control number: (OCoLC)oca00051242
040 ## - CATALOGING SOURCE
- Original cataloging agency: DLC
- Language of cataloging: spa
- Description conventions: rda
- Transcribing agency: Mx-PuUPA
- Modifying agency: DLC
- Modifying agency: OCoLC
- Modifying agency: DLC
- Modifying agency: ICU
- Modifying agency: Mx-PuUPA
100 1# - HEADING--PERSONAL NAME
- Personal name: Zapata, Francisco,
374 ## - OCCUPATION
- Occupation: Autor
375 ## - GENDER
- Gender: hombre
377 ## - ASSOCIATED LANGUAGE
- Language code: spa
400 1# - SEE FROM TRACING--PERSONAL NAME
- Personal name: Zapata Schaffeld, Francisco
400 1# - SEE FROM TRACING--PERSONAL NAME
- Personal name: Schaffeld, Francisco Zapata
670 ## - SOURCE DATA FOUND
- Source citation: Stavenhagen, R. Future industrial ... 1972.
670 ## - SOURCE DATA FOUND
- Source citation: El sindicalismo mexicano frente a la restructuración, 1995:
- Information found: t.p. (Francisco Zapata) verso t.p. (Zapata Schaffeld, Francisco, 1943- )